[Event "ICS Rated standard match"]
[Site "204.178.125.65"]
[Date "2000.07.28"]
[Round "?"]
[White "Tinker"]
[Black "Hossa"]
[Result "1-0"]
[WhiteElo "2350"]
[BlackElo "2219"]
[PlyCount "121"]
[EventDate "2000.??.??"]

1. e4 e5 2. Nc3 Nc6 3. Nf3 g6 4. d4 exd4 5. Nxd4 Bg7 6. Nxc6 bxc6 7. Bc4 d6 8.
O-O Bd7 9. Qf3 Nf6 10. Bg5 h6 11. Be3 O-O 12. Bd4 c5 13. Be3 Ng4 14. Bd5 Nxe3
15. Qxe3 Rb8 16. Rab1 Qh4 17. h3 Be5 18. Rfd1 Rfe8 19. Kf1 Qf6 20. Rd3 c6 21.
Bb3 Qh4 22. Rdd1 Be6 23. Bxe6 Rxe6 24. Qd2 Bxc3 25. bxc3 Rxb1 26. Rxb1 Qxe4 27.
Qxh6 Re8 28. Qd2 Qc4+ 29. Kg1 Qxa2 30. Rd1 d5 31. Rc1 Qb2 32. Rf1 Re4 33. Qd3
Rc4 34. Qe2 Rxc3 35. Qe8+ Kg7 36. Qxc6 d4 37. Qc7 Rxc2 38. Qe5+ Kh7 39. Qe7 Qa2
40. Re1 Qd5 41. Re5 Rc1+ 42. Kh2 Qc4 43. Qf6 Rh1+ 44. Kxh1 Qe6 45. Rxe6 fxe6
46. Qf7+ Kh8 47. Qxe6 Kg7 48. Qe7+ Kg8 49. Qxa7 d3 50. Qxc5 Kh7 51. Qd4 g5 52.
Qxd3+ Kg7 53. Kh2 Kf6 54. Qd6+ Kf7 55. Kg3 g4 56. Kxg4 Kg7 57. Qd7+ Kf6 58. Qe8
Kg7 59. Kg5 Kh7 60. Kf6 Kh6 61. Qh8# {Hossa checkmated} 1-0

[Event "ICS rated standard match"]
[Site "204.178.125.65"]
[Date "2000.07.28"]
[Round "?"]
[White "Hossa"]
[Black "PawnShadow"]
[Result "1-0"]
[WhiteElo "2209"]
[BlackElo "2072"]
[PlyCount "41"]
[EventDate "2000.??.??"]

1. e4 c6 2. d4 d5 3. e5 Bf5 4. Bd3 Bxd3 5. Qxd3 e6 6. Nf3 Qb6 7. O-O c5 8. dxc5
Bxc5 9. Nc3 Nd7 10. a3 Rc8 11. b4 Be7 12. Bd2 f6 13. Rfe1 fxe5 14. Nxe5 Nxe5
15. Rxe5 Nf6 16. Rae1 Kf7 17. Rxe6 Qxe6 18. Rxe6 Kxe6 19. g4 Rcd8 20. Qf5+ Kf7
21. g5 1-0

[Event "ICS Rated standard match"]
[Site "204.178.125.65"]
[Date "2000.07.28"]
[Round "?"]
[White "Hossa"]
[Black "westpointer"]
[Result "1-0"]
[WhiteElo "2219"]
[BlackElo "1858"]
[PlyCount "85"]
[EventDate "2000.??.??"]

1. d4 Nf6 2. c4 g6 3. Nc3 Bg7 4. e4 O-O 5. Bg5 d6 6. f3 Nc6 7. Nge2 a6 8. Qd2
Rb8 9. Bh6 b5 10. cxb5 axb5 11. d5 Ne5 12. Bxg7 Kxg7 13. Nd4 b4 14. Ncb5 Bd7
15. Rc1 Ne8 16. Qxb4 e6 17. Qd2 exd5 18. exd5 Qe7 19. Kf2 Bxb5 20. Bxb5 Nf6 21.
Rce1 Qd8 22. f4 Neg4+ 23. Kf3 Qc8 24. Bc6 Nh6 25. h3 Nf5 26. g4 Nxd4+ 27. Qxd4
h6 28. Ke3 Re8+ 29. Kd2 Rxe1 30. Rxe1 g5 31. Re8 Rxb2+ 32. Qxb2 Qa6 33. fxg5
hxg5 34. a4 Qa5+ 35. Qc3 Qb6 36. a5 Qf2+ 37. Re2 Qf4+ 38. Ke1 Kg6 39. a6 Ne4
40. Qe3 Nc5 41. a7 Qb4+ 42. Kf2 Nd3+ 43. Qxd3+ {westpointer resigns} 1-0

[Event "ICS rated standard match"]
[Site "204.178.125.65"]
[Date "2000.07.28"]
[Round "?"]
[White "rjm1927"]
[Black "Hossa"]
[Result "0-1"]
[WhiteElo "1965"]
[BlackElo "2221"]
[PlyCount "20"]
[EventDate "2000.??.??"]

1. e4 e5 2. Nf3 Nc6 3. Bc4 Nf6 4. d3 Bc5 5. Nc3 O-O 6. O-O Be7 7. Re1 d6 8. h3
Na5 9. Ne2 Nxc4 10. dxc4 Nxe4 {rjm1927 resigns} 0-1

[Event "ICS rated blitz match"]
[Site "204.178.125.65"]
[Date "2000.07.28"]
[Round "?"]
[White "Hossa"]
[Black "Tinker"]
[Result "1-0"]
[WhiteElo "2527"]
[BlackElo "2558"]
[PlyCount "143"]
[EventDate "2000.??.??"]

1. e4 d5 2. exd5 Qxd5 3. d4 e5 4. dxe5 Qxe5+ 5. Be2 Qd6 6. Bd2 Nf6 7. Nc3 Be7
8. Nf3 O-O 9. O-O Be6 10. Nb5 Qb6 11. Ng5 Bd7 12. a4 a6 13. a5 Qc6 14. Nc3 Qd6
15. Qc1 Ng4 16. Nf3 Re8 17. h3 Nf6 18. Bf4 Qc5 19. Be3 Qf5 20. Bd3 Qh5 21. Ne2
Bd6 22. Bg5 Nd5 23. Ng3 Bxg3 24. fxg3 Nb4 25. Bc4 h6 26. c3 N4c6 27. Be3 Be6
28. Bxe6 Rxe6 29. g4 Qd5 30. g5 h5 31. Rd1 Qb5 32. c4 Qf5 33. Rd5 Qg6 34. Bf4
Re2 35. Bxc7 Qe4 36. Qc3 Qe7 37. Bd6 Qe6 38. Qb3 Ne7 39. Qxb7 Nxd5 40. Bxb8 Ne3
41. Qxa8 Rxg2+ 42. Kh1 Qc8 43. Re1 Rxb2 44. Rxe3 Rxb8 45. Qe4 Qxh3+ 46. Kg1
Qg3+ 47. Kf1 Rb2 48. Re2 Rb1+ 49. Ne1 Qh3+ 50. Rg2 Rb8 51. Nf3 Rf8 52. c5 Qe6
53. Re2 Qxe4 54. Rxe4 Rc8 55. Re5 Kh7 56. Rf5 Kg6 57. Nh4+ Kh7 58. Kg2 Rc6 59.
Nf3 Kg6 60. Ne5+ Kxf5 61. Nxc6 Ke6 62. Nb4 Kd7 63. Kg3 Kc7 64. Kh3 Kb7 65. Kh4
g6 66. Nd3 Kc6 67. Ne5+ Kxc5 68. Nxf7 Kd5 69. Nh8 Ke6 70. Nxg6 Kd6 71. Ne5 Kd5
72. Nd3 {Tinker resigns} 1-0

[Event "ICS rated blitz match"]
[Site "204.178.125.65"]
[Date "2000.07.28"]
[Round "?"]
[White "Tinker"]
[Black "Hossa"]
[Result "0-1"]
[WhiteElo "2541"]
[BlackElo "2544"]
[PlyCount "112"]
[EventDate "2000.??.??"]

1. e4 e5 2. Nc3 Nc6 3. Nf3 Nf6 4. d4 exd4 5. Nxd4 Bb4 6. Nxc6 bxc6 7. Bd3 O-O
8. O-O d5 9. e5 Ng4 10. h3 Nxe5 11. Bxh7+ Kxh7 12. Qh5+ Kg8 13. Qxe5 Re8 14.
Qg3 d4 15. Na4 Ba6 16. Bh6 Qf6 17. Bg5 Qf5 18. Rfc1 Bb5 19. b3 Ba3 20. Rd1 Bxa4
21. bxa4 Bb2 22. Rab1 Rab8 23. Rd3 Bc3 24. Rbd1 Rb2 25. Bd2 Bxd2 26. R3xd2 c5
27. Qd3 Qxd3 28. cxd3 Rxd2 29. Rxd2 Re1+ 30. Kh2 Rc1 31. Rb2 c4 32. dxc4 Rxc4
33. Kg3 Kh7 34. a5 d3 35. Rd2 Rc3 36. Kf3 c5 37. Ke3 c4 38. Kd4 Rc2 39. Ke3
Rxd2 40. Kxd2 Kg6 41. a6 Kf5 42. Kc3 Ke4 43. a3 Kd5 44. h4 Kc6 45. g4 f6 46. f4
Kc5 47. h5 Kd5 48. g5 fxg5 49. fxg5 Ke6 50. Kd2 Kf5 51. h6 gxh6 52. gxh6 Kg6
53. a4 Kxh6 54. Kc3 Kg6 55. Kd2 Kf6 56. Kc3 Kf5 {Tinker resigns} 0-1

[Event "ICS rated blitz match"]
[Site "204.178.125.65"]
[Date "2000.07.28"]
[Round "?"]
[White "Hossa"]
[Black "Tinker"]
[Result "1-0"]
[WhiteElo "2560"]
[BlackElo "2525"]
[PlyCount "139"]
[EventDate "2000.??.??"]

1. e4 d5 2. exd5 Qxd5 3. d4 e5 4. dxe5 Qxe5+ 5. Be2 Qd6 6. Nd2 Nc6 7. Ngf3 Bf5
8. O-O O-O-O 9. Bc4 Nh6 10. Re1 Qc5 11. c3 Na5 12. Be2 Nc6 13. Bc4 b5 14. Be2
Qb6 15. a4 Bc5 16. Rf1 b4 17. a5 Nxa5 18. Qa4 Rd5 19. c4 Bd7 20. Qa2 Rf5 21. b3
Ng4 22. Ne4 Re8 23. Nxc5 Rxc5 24. Bd3 Qd6 25. Rd1 Rf5 26. Be2 Qc5 27. Bd3 Rh5
28. h3 Ne5 29. Nxe5 Rexe5 30. Bb2 Re8 31. Bf1 Nc6 32. Qa6+ Kd8 33. Bxg7 Rf5 34.
Rd2 Re6 35. Qb7 Rd6 36. Rad1 Bc8 37. Qb5 Qxb5 38. cxb5 Na5 39. Rxd6+ cxd6 40.
g4 Rc5 41. Rxd6+ Ke7 42. Rd4 Nxb3 43. Rxb4 Nd2 44. Bd3 Nf3+ 45. Kf1 Be6 46.
Bxh7 Rxb5 47. Rxb5 Bc4+ 48. Kg2 Ne1+ 49. Kg3 Bxb5 50. h4 f6 51. g5 fxg5 52.
hxg5 Bc6 53. Bf5 Nf3 54. Bf6+ Kf7 55. Kf4 Nh4 56. Bd3 a5 57. Kg4 Ng6 58. f4 Bd5
59. Bc3 Be6+ 60. Kg3 Ne7 61. Bxa5 Bb3 62. f5 Kg8 63. f6 Nd5 64. Bd8 Nc3 65. g6
Ba2 66. Ba5 Nd5 67. f7+ Kg7 68. Bd2 Nf6 69. Bh6+ Kxh6 70. f8=Q+ {Tinker resigns
} 1-0

[Event "ICS rated standard match"]
[Site "204.178.125.65"]
[Date "2000.07.28"]
[Round "?"]
[White "Pennswoodpusher"]
[Black "Hossa"]
[Result "0-1"]
[WhiteElo "2083"]
[BlackElo "2227"]
[PlyCount "104"]
[EventDate "2000.??.??"]

1. e4 e5 2. Ne2 Nf6 3. f4 exf4 4. Nxf4 Qe7 5. Qe2 d6 6. Nd5 Nxd5 7. exd5 Bg4 8.
Qxe7+ Bxe7 9. Bb5+ c6 10. Bc4 Bh4+ 11. g3 Bf6 12. c3 b5 13. Bb3 O-O 14. O-O Re8
15. d4 Bh3 16. Bf4 Bxf1 17. Kxf1 Be7 18. h4 h6 19. h5 a6 20. a4 Rc8 21. Nd2 Ra7
22. dxc6 Nxc6 23. axb5 axb5 24. Rxa7 Nxa7 25. Ne4 Rd8 26. g4 d5 27. Ng3 Nc8 28.
Nf5 Rd7 29. Kf2 Bg5 30. Kf3 Bxf4 31. Kxf4 Nb6 32. Ne3 Kf8 33. Bc2 Nc4 34. Bf5
Rd6 35. b4 Nxe3 36. Kxe3 Ke7 37. Bd3 Rb6 38. Kf4 Kf6 39. Be2 Rc6 40. Bxb5 Rxc3
41. Ba6 g5+ 42. hxg6 fxg6 43. g5+ hxg5+ 44. Kg4 Re3 45. b5 Rd3 46. b6 Rxd4+ 47.
Kf3 Rb4 48. b7 Rb3+ 49. Ke2 Ke5 50. Kd2 g4 51. Kc2 Rxb7 52. Bxb7 g3 0-1

[Event "ICS Rated standard match"]
[Site "204.178.125.65"]
[Date "2000.07.28"]
[Round "?"]
[White "Hossa"]
[Black "rjm1927"]
[Result "1-0"]
[WhiteElo "2233"]
[BlackElo "1939"]
[PlyCount "59"]
[EventDate "2000.??.??"]

1. e4 e5 2. Nf3 Nc6 3. Bb5 a6 4. Ba4 Nf6 5. O-O b5 6. Bb3 Be7 7. Re1 O-O 8. c3
d5 9. exd5 Nxd5 10. Nxe5 Nxe5 11. Rxe5 c6 12. d4 Bd6 13. Re1 Qh4 14. g3 Qh3 15.
Re4 g5 16. Bxg5 Qf5 17. Bxd5 cxd5 18. Rh4 Qxg5 19. Rh5 Qg6 20. Rxd5 Bb7 21. Rh5
Qe4 22. d5 Be7 23. Nd2 Qg6 24. Qf3 Rad8 25. Re1 Rfe8 26. Rhe5 Qd6 27. Qe2 Rd7
28. c4 bxc4 29. Nxc4 Qc5 30. Qg4+ {rjm1927 resigns} 1-0

[Event "ICS rated blitz match"]
[Site "204.178.125.65"]
[Date "2000.07.28"]
[Round "?"]
[White "PostModernist"]
[Black "Hossa"]
[Result "1-0"]
[WhiteElo "2688"]
[BlackElo "2574"]
[PlyCount "123"]
[EventDate "2000.??.??"]

1. d4 Nf6 2. c4 e6 3. Nf3 b6 4. g3 Ba6 5. b3 Bb4+ 6. Bd2 Bxd2+ 7. Nbxd2 Bb7 8.
Bg2 c5 9. dxc5 bxc5 10. O-O d6 11. Ng5 Bxg2 12. Kxg2 d5 13. cxd5 exd5 14. Qc2
Qe7 15. e4 Nfd7 16. f4 d4 17. e5 h6 18. Qe4 hxg5 19. Qxa8 gxf4 20. Rxf4 Qe6 21.
Nf3 Qc6 22. Qxa7 Na6 23. Rf1 g5 24. Rg4 Rh5 25. e6 fxe6 26. Kg1 Rh7 27. Rxg5
Rf7 28. Rg8+ Ke7 29. Rf2 Rxf3 30. Rg7+ Kf6 31. Qxd7 Qxd7 32. Rxd7 Rxf2 33. Kxf2
Nb4 34. a4 Nd3+ 35. Kf1 Ne5 36. Rc7 Nf3 37. Ke2 Ng5 38. a5 Ne4 39. a6 Nc3+ 40.
Ke1 d3 41. a7 Nb5 42. a8=Q Nxc7 43. Qd8+ Ke5 44. Qxc7+ Kf6 45. Qxc5 Kf7 46. Kd2
Kf6 47. Kxd3 Kf7 48. Qc7+ Kf6 49. Ke4 Kg6 50. Ke5 Kh5 51. Qf7+ Kg4 52. Kxe6 Kg5
53. Qf5+ Kh6 54. Qf4+ Kg7 55. Qf6+ Kg8 56. Qg6+ Kh8 57. Qh6+ Kg8 58. Qf6 Kh7
59. Qh4+ Kg6 60. Qh8 Kg5 61. Qh7 Kg4 62. Qf5# {Hossa checkmated} 1-0

[Event "ICS rated blitz match"]
[Site "204.178.125.65"]
[Date "2000.07.28"]
[Round "?"]
[White "Hossa"]
[Black "PostModernist"]
[Result "1-0"]
[WhiteElo "2563"]
[BlackElo "2699"]
[PlyCount "137"]
[EventDate "2000.??.??"]

1. e4 g6 2. Nf3 Bg7 3. d4 d6 4. c3 Nf6 5. Nbd2 Nc6 6. d5 Ne5 7. Nxe5 dxe5 8.
Bb5+ Bd7 9. Bxd7+ Qxd7 10. O-O O-O-O 11. c4 Qd6 12. b4 Qxb4 13. Rb1 Qa5 14. Qc2
Nd7 15. Nf3 Qa6 16. Rb3 Nc5 17. Ra3 Qb6 18. Be3 a6 19. Rb1 Qa7 20. Rb5 b6 21.
Bxc5 bxc5 22. Ng5 Rhf8 23. Nxh7 Rh8 24. Ng5 Rh5 25. Nf3 Rd6 26. Rba5 Qb6 27. g4
Rh8 28. Ng5 Rf8 29. Rxa6 Qxa6 30. Rxa6 Rxa6 31. Kf1 Bh6 32. Nf3 Bg7 33. a4 e6
34. dxe6 Rxe6 35. a5 Rf6 36. Qb3 Rh8 37. h4 Rc6 38. Qb5 Kd7 39. Qb7 Re8 40. Kg2
Ree6 41. Ng5 Rf6 42. Qb8 Rf4 43. Qg8 Bf6 44. Qxf7+ Be7 45. Qd5+ Rd6 46. Qxe5
Rxg4+ 47. Kh3 Rg1 48. Qg7 Rh1+ 49. Kg3 Rd3+ 50. Nf3 Rxh4 51. Qxg6 Rh8 52. Kg2
Rd6 53. Ne5+ Kc8 54. Qg4+ Kb7 55. Nf7 Re8 56. Nxd6+ Bxd6 57. Qg6 Ra8 58. e5
Bxe5 59. Qe4+ Kb8 60. Qxe5 Rxa5 61. Qe8+ Ka7 62. Qc6 Kb8 63. Kf3 Kc8 64. Ke4
Kb8 65. f4 Ra1 66. Qxc5 Rd1 67. Kf5 Kb7 68. Qd5+ Rxd5+ 69. cxd5 1-0

[Event "ICS rated blitz match"]
[Site "204.178.125.65"]
[Date "2000.07.28"]
[Round "?"]
[White "Tinker"]
[Black "Hossa"]
[Result "0-1"]
[WhiteElo "2530"]
[BlackElo "2585"]
[PlyCount "128"]
[EventDate "2000.??.??"]

1. e4 e5 2. Nc3 Nc6 3. Nf3 Nf6 4. d4 exd4 5. Nxd4 Bb4 6. Nxc6 bxc6 7. Bg5 h6 8.
Bd2 O-O 9. Bd3 Re8 10. O-O Bxc3 11. Bxc3 Nxe4 12. Bxe4 Rxe4 13. Re1 Rxe1+ 14.
Bxe1 d5 15. c3 c5 16. Qe2 Rb8 17. Rd1 Rb6 18. Qc2 Re6 19. Bd2 c6 20. Be3 Qa5
21. b3 Re7 22. Rf1 Ba6 23. c4 d4 24. Bd2 Re2 25. Rd1 Qc7 26. Re1 Rxe1+ 27. Bxe1
Qe5 28. Qd2 f6 29. f4 Qe4 30. h4 Bc8 31. Bf2 Bg4 32. Qa5 Qe7 33. b4 cxb4 34. c5
d3 35. Qxb4 Qe2 36. Qb8+ Kh7 37. Qb1 f5 38. Be1 d2 39. Bxd2 Qxd2 40. Kh1 Qxf4
41. Qe1 Qd4 42. Qa5 Qf2 43. Qxa7 Qxh4+ 44. Kg1 Qe1+ 45. Kh2 f4 46. Qa4 Qe5 47.
Qc2+ g6 48. Kg1 Qe1+ 49. Kh2 Qg3+ 50. Kg1 f3 51. Qf2 Qxg2+ 52. Qxg2 fxg2 53. a4
g5 54. Kxg2 h5 55. a5 Be2 56. Kf2 Bc4 57. Ke3 h4 58. Kf3 Kh6 59. Kf2 g4 60. Kg2
Kh5 61. a6 Bxa6 62. Kf2 g3+ 63. Ke3 Kg4 64. Ke4 h3 {Tinker resigns} 0-1

[Event "ICS rated blitz match"]
[Site "204.178.125.65"]
[Date "2000.07.28"]
[Round "?"]
[White "Hossa"]
[Black "Tinker"]
[Result "1/2-1/2"]
[WhiteElo "2598"]
[BlackElo "2517"]
[PlyCount "209"]
[EventDate "2000.??.??"]

1. e4 d5 2. exd5 Qxd5 3. d4 e5 4. dxe5 Qxd1+ 5. Kxd1 Nc6 6. Bf4 Bf5 7. Nd2
O-O-O 8. Bc4 f6 9. Ngf3 Bc5 10. Rf1 Nb4 11. Rc1 Nd5 12. Bxd5 Rxd5 13. Ke1 h5
14. Be3 Bxe3 15. fxe3 Bg6 16. a4 Rd8 17. exf6 gxf6 18. Nd4 Rh7 19. Ne6 Re8 20.
Nf4 Bf7 21. Rf3 Nh6 22. Ke2 Ng4 23. Rh3 h4 24. Rd1 Kb8 25. b3 f5 26. a5 Rhh8
27. Nb1 Re7 28. Rd3 Rhe8 29. Nc3 Re5 30. Rxh4 Nxe3 31. Kd2 Nf1+ 32. Kc1 Rxa5
33. Rd7 Bg8 34. Rh8 Kc8 35. Rg7 Bf7 36. Rhh7 Bg8 37. Rxc7+ Kb8 38. Rxb7+ Ka8
39. Rhe7 Rxe7 40. Rxe7 Rc5 41. Nfe2 Kb8 42. h4 Nh2 43. Re8+ Rc8 44. Re5 Ng4 45.
Rxf5 Ne3 46. Rb5+ Ka8 47. Rg5 Bh7 48. Rg7 Bf5 49. Kb2 Nd1+ 50. Nxd1 Rxc2+ 51.
Ka3 Rxe2 52. h5 Re6 53. g4 Be4 54. Nc3 Bf3 55. b4 Ra6+ 56. Kb3 Rb6 57. Kc4 Kb8
58. b5 Rd6 59. Kc5 Rb6 60. Kb4 Rf6 61. Kb3 Re6 62. Kb2 Ka8 63. Kc2 Rd6 64. Kb3
Kb8 65. Rg8+ Kc7 66. Kc4 Re6 67. Kc5 Re5+ 68. Kd4 Re6 69. Nd5+ Kb7 70. Kc5 Re5
71. Rd8 Bxg4 72. h6 Rh5 73. Kb4 Rxh6 74. Rf8 Be6 75. Nf4 Kb6 76. Nxe6 Rxe6 77.
Rb8+ Kc7 78. Ra8 Re4+ 79. Kc5 Kb7 80. Rf8 Re5+ 81. Kc4 Kc7 82. Rf7+ Kd6 83. Kb4
Re7 84. Rf4 Ke5 85. Rc4 Kd5 86. Rc5+ Kd4 87. Rc1 Rf7 88. Rc8 Kd5 89. Rd8+ Ke4
90. Ka4 Rf4 91. Rd7 Rf1 92. Re7+ Kd5 93. Ka5 Ra1+ 94. Kb4 Kd4 95. Rd7+ Ke4 96.
Rxa7 Rxa7 97. b6 Ra2 98. Kc5 Ra1 99. b7 Rc1+ 100. Kb6 Kf5 101. Ka7 Kg6 102.
b8=Q Ra1+ 103. Kb6 Rb1+ 104. Kc7 Rxb8 105. Kxb8 1/2-1/2

[Event "ICS rated blitz match"]
[Site "204.178.125.65"]
[Date "2000.07.28"]
[Round "?"]
[White "MissSilicon"]
[Black "Hossa"]
[Result "1-0"]
[WhiteElo "2800"]
[BlackElo "2594"]
[PlyCount "121"]
[EventDate "2000.??.??"]

1. f4 d5 2. e3 c5 3. b3 e6 4. Bb2 Nf6 5. Nf3 Be7 6. Bb5+ Bd7 7. a4 Bxb5 8. axb5
O-O 9. O-O Ne4 10. Nc3 Nd6 11. Ra2 Nd7 12. Qa1 Qb8 13. Ne5 Nb6 14. Ng4 d4 15.
exd4 cxd4 16. Ne2 Nxb5 17. Nxd4 Bc5 18. c4 Nd6 19. b4 Bxb4 20. Nc2 Nbxc4 21.
Bxg7 Bc5+ 22. Kh1 Nf5 23. Nf6+ Kxg7 24. Nd7+ Kg8 25. Nxb8 Rfxb8 26. Qc3 b5 27.
d3 Nce3 28. g4 Rc8 29. gxf5 Nxf1 30. fxe6 fxe6 31. Qe1 b4 32. Qxe6+ Kg7 33. Ra5
b3 34. Rb5 Rab8 35. Qe5+ Kf7 36. Rxc5 Rxc5 37. Qxb8 Rc3 38. Qxa7+ Kg6 39. Qb6+
Kf7 40. Qb5 bxc2 41. Qf5+ Kg8 42. Qe6+ Kf8 43. Qf6+ Kg8 44. Qxc3 Ne3 45. Qb3+
Kg7 46. Qb2+ Kf7 47. Qa2+ Kf6 48. Qa1+ Kf5 49. Qe5+ Kg6 50. Qe8+ Kf6 51. Qxe3
h6 52. d4 Kg7 53. d5 h5 54. d6 Kf6 55. d7 c1=R+ 56. Qxc1 Ke7 57. Qc8 Kf7 58.
Qe8+ Kg7 59. d8=Q h4 60. Qg8+ Kh6 61. Qxh4# {Hossa checkmated} 1-0

[Event "ICS rated blitz match"]
[Site "204.178.125.65"]
[Date "2000.07.28"]
[Round "?"]
[White "Hossa"]
[Black "MissSilicon"]
[Result "1-0"]
[WhiteElo "2587"]
[BlackElo "2807"]
[PlyCount "129"]
[EventDate "2000.??.??"]

1. e4 e5 2. Nf3 Nc6 3. Bb5 a6 4. Ba4 Nf6 5. O-O Be7 6. Bxc6 dxc6 7. Nc3 Bg4 8.
h3 Bh5 9. g4 Bg6 10. Nxe5 Nxe4 11. Nxe4 Bxe4 12. Re1 Bd5 13. c4 Be6 14. d4 O-O
15. Bf4 Re8 16. Qd3 Bb4 17. Re2 f6 18. Nf3 b5 19. b3 Qd7 20. a3 Bd6 21. Bxd6
cxd6 22. Rae1 d5 23. c5 Bf7 24. Rxe8+ Rxe8 25. Rxe8+ Qxe8 26. Qe3 h5 27. Qxe8+
Bxe8 28. Nh4 Kf7 29. Nf5 Bd7 30. Nd6+ Kg6 31. f3 Kg5 32. Kf2 Kh4 33. Kg2 g6 34.
Kh2 Be6 35. Nb7 Bc8 36. Nd8 Bd7 37. Kg2 Kg5 38. Nf7+ Kf4 39. Kf2 hxg4 40. hxg4
f5 41. gxf5 gxf5 42. a4 bxa4 43. bxa4 Be8 44. Ne5 a5 45. Nd3+ Kg5 46. Nc1 Bd7
47. Nb3 f4 48. Nxa5 Kf6 49. Nb3 Bc8 50. Nc1 Ba6 51. Na2 Bc8 52. Nb4 Bb7 53. a5
Ke6 54. a6 Bc8 55. a7 Bb7 56. Nd3 Kd7 57. Nxf4 Ba8 58. Nd3 Bb7 59. Nb2 Ke6 60.
Na4 Kf7 61. Nb6 Kf6 62. a8=R Bxa8 63. Nxa8 Ke7 64. Nc7 Kd7 65. Nxd5 {
MissSilicon resigns} 1-0

[Event "ICS rated blitz match"]
[Site "204.178.125.65"]
[Date "2000.07.28"]
[Round "?"]
[White "MissSilicon"]
[Black "Hossa"]
[Result "1/2-1/2"]
[WhiteElo "2782"]
[BlackElo "2612"]
[PlyCount "88"]
[EventDate "2000.??.??"]

1. e4 e5 2. Bc4 Nf6 3. d3 c6 4. Qe2 Be7 5. Nf3 O-O 6. Bb3 d6 7. O-O Bg4 8. h3
Bc8 9. Nc3 Na6 10. Be3 b6 11. d4 exd4 12. Nxd4 Qc7 13. f3 Nc5 14. a4 Nxb3 15.
cxb3 d5 16. exd5 cxd5 17. Rac1 Qd7 18. Bg5 Re8 19. Rfe1 Bc5 20. Qd2 Rxe1+ 21.
Rxe1 Ne8 22. Kh1 Nc7 23. Ndb5 Nxb5 24. Nxb5 Ba6 25. Nd4 Re8 26. Rxe8+ Qxe8 27.
b4 Bxd4 28. Qxd4 Bc4 29. b5 Qe1+ 30. Kh2 Bb3 31. Bd2 Qe8 32. Qb4 Bc2 33. Bc3
Qd7 34. Qf4 f6 35. g3 Qe7 36. Qg4 Qe2+ 37. Kg1 Bb3 38. Bxf6 Qd1+ 39. Kg2 Qc2+
40. Kh1 Qc1+ 41. Kg2 Qc2+ 42. Kh1 Qc1+ 43. Kg2 Qc2+ 44. Kh1 Qc1+ 1/2-1/2

[Event "ICS rated standard match"]
[Site "204.178.125.65"]
[Date "2000.07.28"]
[Round "?"]
[White "Hossa"]
[Black "Tinker"]
[Result "1/2-1/2"]
[WhiteElo "2238"]
[BlackElo "2362"]
[PlyCount "153"]
[EventDate "2000.??.??"]

1. e4 d5 2. exd5 Qxd5 3. d4 e5 4. dxe5 Qxd1+ 5. Kxd1 Nc6 6. Bf4 Bf5 7. Nd2
O-O-O 8. Bc4 Nh6 9. h3 Bc5 10. Ngf3 Na5 11. Bd3 Bxd3 12. cxd3 Bxf2 13. Bg5 Rd5
14. Ne4 Bb6 15. Bxh6 gxh6 16. Ke2 Nc6 17. Nc3 Ra5 18. Rhf1 h5 19. Ne4 Rg8 20.
g3 Rb5 21. Rab1 Ra5 22. a3 Rg7 23. Rbc1 Nxe5 24. Nh4 Kb8 25. Nf5 Rg6 26. d4 Nc6
27. Kd3 Rd5 28. Kc4 Rd8 29. Rcd1 a6 30. b4 Ba7 31. Kc3 Rd5 32. a4 Re6 33. Nc5
Re8 34. Nb3 Re2 35. Rde1 Rxf5 36. Rxe2 Bxd4+ 37. Nxd4 Rxf1 38. Re8+ Ka7 39.
Nxc6+ bxc6 40. Re3 Rf5 41. Kc4 Kb7 42. Rc3 h4 43. g4 Rf4+ 44. Kb3 f5 45. gxf5
Rxf5 46. Kc4 Rg5 47. Rc2 Rg3 48. Rh2 a5 49. bxa5 Ka6 50. Kb4 c5+ 51. Kxc5 Kxa5
52. Rc2 Rxh3 53. Kd4 Rh1 54. Rxc7 h3 55. Rc5+ Kxa4 56. Rc2 h2 57. Kc4 Ka3 58.
Kc3 Ka4 59. Kc4 Ka3 60. Kc3 h5 61. Kc4 h4 62. Kc3 Ka4 63. Kc4 Ka5 64. Kc5 Ka6
65. Kc6 Ka7 66. Kc7 Ra1 67. Rxh2 Rc1+ 68. Kd6 h3 69. Rxh3 Ra1 70. Rh2 Kb8 71.
Rg2 Kc8 72. Rh2 Rc1 73. Rg2 Rb1 74. Rh2 Rc1 75. Rg2 Rb1 76. Rh2 Rc1 77. Rg2
1/2-1/2

[Event "ICS rated standard match"]
[Site "204.178.125.65"]
[Date "2000.07.28"]
[Round "?"]
[White "pionneke"]
[Black "Hossa"]
[Result "0-1"]
[WhiteElo "1916"]
[BlackElo "2243"]
[PlyCount "38"]
[EventDate "2000.??.??"]

1. e4 c5 2. Nf3 d6 3. d4 cxd4 4. Qxd4 Nc6 5. Bb5 Qd7 6. Bxc6 bxc6 7. c4 e5 8.
Qd3 Nf6 9. Nc3 Be7 10. b3 O-O 11. Ba3 Qc7 12. O-O-O Qa5 13. Na4 Nxe4 14. Qxe4
d5 15. Qxe5 Bxa3+ 16. Kb1 f6 17. Qf4 Re8 18. Ne1 Re4 19. Qf3 Bg4 {
pionneke resigns} 0-1

[Event "ICS rated standard match"]
[Site "204.178.125.65"]
[Date "2000.07.28"]
[Round "?"]
[White "Tinker"]
[Black "Hossa"]
[Result "1-0"]
[WhiteElo "2357"]
[BlackElo "2243"]
[PlyCount "149"]
[EventDate "2000.??.??"]

1. e4 e5 2. Nc3 Nc6 3. Nf3 Nf6 4. d4 exd4 5. Nxd4 Bb4 6. Nxc6 bxc6 7. Bg5 h6 8.
Bh4 g5 9. Bg3 Bxc3+ 10. bxc3 Nxe4 11. Qd4 O-O 12. Qxe4 Re8 13. Be5 Qe7 14. Bd3
Qxe5 15. Qxe5 Rxe5+ 16. Kd2 d6 17. Rhe1 Be6 18. Rxe5 dxe5 19. a4 c5 20. Ke3 f5
21. Rd1 c4 22. Be2 g4 23. Rb1 Rd8 24. g3 Bd5 25. Rb5 Kg7 26. Ra5 Kf6 27. Rxa7
Rd7 28. Bf1 Ke7 29. a5 Kf6 30. h3 Kg5 31. h4+ Kf6 32. Ra6+ c6 33. Ra8 c5 34.
Rh8 Kg6 35. Re8 Kf6 36. Rc8 Bf3 37. Bxc4 Rd1 38. Bb5 c4 39. Rc5 Re1+ 40. Kd2
Re2+ 41. Kc1 Rxf2 42. a6 Be4 43. Ba4 Rg2 44. a7 Rg1+ 45. Kb2 Rd1 46. Rc6+ Bxc6
47. Bxc6 Rd8 48. a8=Q Rxa8 49. Bxa8 f4 50. Ka3 Kg6 51. Kb4 fxg3 52. Kxc4 Kh5
53. Kd3 Kxh4 54. c4 Kg5 55. c5 h5 56. Ke2 Kf6 57. Bb7 Ke6 58. Kf1 Kd7 59. Kg2
h4 60. Bd5 Ke7 61. c6 e4 62. Bxe4 Kf6 63. c7 Ke5 64. c8=Q Kxe4 65. Qxg4+ Ke5
66. Qxh4 Kd5 67. Qe7 Kc4 68. Qd6 Kb5 69. Kxg3 Kc4 70. Kf4 Kb5 71. Ke3 Kc4 72.
Kd2 Kb5 73. Kd3 Ka5 74. Kc4 Ka4 75. Qb4# {Hossa checkmated} 1-0

[Event "ICS rated standard match"]
[Site "204.178.125.65"]
[Date "2000.07.28"]
[Round "?"]
[White "Hossa"]
[Black "chesscuban"]
[Result "1-0"]
[WhiteElo "2232"]
[BlackElo "2010"]
[PlyCount "61"]
[EventDate "2000.??.??"]

1. e4 c5 2. Nf3 Nc6 3. Bb5 g6 4. O-O Bg7 5. Bxc6 dxc6 6. d3 e5 7. Be3 b6 8. Nc3
Ne7 9. Nd2 Be6 10. Qf3 O-O 11. Qg3 f5 12. Bg5 f4 13. Qh4 Rf7 14. f3 Qf8 15. Qf2
Bf6 16. Bxf6 Rxf6 17. Qh4 h6 18. Qf2 g5 19. Rfd1 Rd8 20. a3 h5 21. b4 cxb4 22.
axb4 Rd7 23. Ra6 Nc8 24. Rb1 g4 25. b5 c5 26. Qh4 Rg6 27. Qxh5 Qf6 28. Nd5 Qg7
29. Nc4 Rg5 30. Qe8+ Kh7 31. Qxe6 {chesscuban resigns} 1-0

[Event "ICS rated standard match"]
[Site "204.178.125.65"]
[Date "2000.07.28"]
[Round "?"]
[White "chesscuban"]
[Black "Hossa"]
[Result "0-1"]
[WhiteElo "1999"]
[BlackElo "2236"]
[PlyCount "72"]
[EventDate "2000.??.??"]

1. e4 c5 2. Nf3 d6 3. d4 cxd4 4. Nxd4 e5 5. Nb5 Nf6 6. N1c3 a6 7. Na3 b5 8. Nd5
Nxe4 9. Bxb5+ axb5 10. Nxb5 Na6 11. Qf3 Qa5+ 12. Ndc3 Bb7 13. O-O Nb4 14. a4
Nxc3 15. Qxb7 Nxb5 16. Bd2 d5 17. Bxb4 Bxb4 18. Qc6+ Ke7 19. Qxd5 Nd4 20. Qb7+
Kf6 21. c3 Bxc3 22. bxc3 Qxc3 23. f4 Qe3+ 24. Kh1 exf4 25. Rae1 Qd2 26. Rd1 Qe2
27. Rfe1 Qc4 28. Qe7+ Kg6 29. Qe4+ f5 30. Qxd4 Rxa4 31. Qd6+ Kh5 32. h3 f3 33.
g4+ Kh4 34. Qe7+ Kxh3 35. Qxg7 Qf4 36. Rd2 Qxd2 {chesscuban resigns} 0-1

[Event "ICS rated standard match"]
[Site "204.178.125.65"]
[Date "2000.07.28"]
[Round "?"]
[White "Hossa"]
[Black "Beadle"]
[Result "1-0"]
[WhiteElo "2240"]
[BlackElo "2435"]
[PlyCount "126"]
[EventDate "2000.??.??"]

1. c4 e6 2. Nc3 Nf6 3. d4 Bb4 4. a3 Bxc3+ 5. bxc3 O-O 6. Nf3 c5 7. Qc2 Qa5 8.
Bd2 d6 9. e4 e5 10. Be2 Bg4 11. O-O Nbd7 12. Rfd1 Qa6 13. Bg5 Bxf3 14. gxf3
Rfe8 15. Qb2 Rac8 16. Rab1 Rc7 17. Bf1 h6 18. Bc1 cxd4 19. cxd4 exd4 20. Rxd4
Ne5 21. Qb3 Qc6 22. f4 Ng6 23. f3 Nh4 24. Bb2 Qc5 25. Kh1 Ng6 26. Rbd1 Rc6 27.
R4d2 Rb6 28. Qa4 Ra6 29. Qb5 Rb6 30. Qxc5 dxc5 31. f5 Ne5 32. Bxe5 Rxe5 33.
Rd8+ Ne8 34. R1d5 Re7 35. Rxc5 Rb2 36. Rcc8 Kf8 37. c5 Rb3 38. a4 a6 39. Be2
Rb1+ 40. Kg2 Rb2 41. Kf2 Rc2 42. c6 bxc6 43. Ra8 a5 44. Rxa5 Rc1 45. Raa8 Rc2
46. Ke3 Rc3+ 47. Kd2 Ra3 48. h3 Ra2+ 49. Ke3 Ra3+ 50. Bd3 Ra2 51. Rdc8 Ra3 52.
a5 f6 53. a6 Kf7 54. Rd8 g5 55. Rac8 c5 56. Rxc5 Ng7 57. Kd4 Ra7 58. Rcc8 Ra5
59. Bc4+ Ke7 60. Rf8 Rd7+ 61. Kc3 Ra3+ 62. Kb4 Ra1 63. Kc5 Rc7+ {Beadle resigns
} 1-0